Normal view
MARC view
Entry Topical Term
001 - CONTROL NUMBER
- control field: 81519
003 - CONTROL NUMBER IDENTIFIER
- control field: OSt
005 - DATE AND TIME OF LATEST TRANSACTION
- control field: 20221113125548.0
008 - FIXED-LENGTH DATA ELEMENTS
- fixed length control field: 221113|| aca||aabn | a|a d
040 ## - CATALOGING SOURCE
- Original cataloging agency: OSt
- Transcribing agency: OSt
150 ## - HEADING--TOPICAL TERM
- Topical term or geographic name entry element: Pollitical Science
670 ## - SOURCE DATA FOUND
- Source citation: Work cat.: (OSt)65564: Vision IAS 81517, Vision IAS Book 26/22 General Studies Notes Polity and Constitution Part -1 2022, 2022









